5 bài thực hành nhanh để quản lý dữ liệu với Access

保存先:
書誌詳細
第一著者: Nguyễn, Đức Toàn
フォーマット: 図書
言語:Undetermined
出版事項: Hà Nội Thống kê 2004
主題:
タグ: タグ追加
タグなし, このレコードへの初めてのタグを付けませんか!
Thư viện lưu trữ: Trung tâm Học liệu Trường Đại học Cần Thơ
LEADER 00640nam a2200205Ia 4500
001 CTU_64052
008 210402s9999 xx 000 0 und d
020 |c 24000 
082 |a 005.3 
082 |b T406 
100 |a Nguyễn, Đức Toàn 
245 0 |a 5 bài thực hành nhanh để quản lý dữ liệu với Access 
245 0 |c Nguyễn Đức Toàn 
260 |a Hà Nội 
260 |b Thống kê 
260 |c 2004 
650 |a Database management,Access ( computer programs ) 
650 |x Computer programs 
904 |i Minh,Hải 
980 |a Trung tâm Học liệu Trường Đại học Cần Thơ